Traduction de vocabulaire en anglais - Statistiques

Statistiques générales
  • Ce quiz a été pris 1 244 fois
  • Le résultat moyen est 13 sur 15
Statistiques - réponses
Hint Réponse % Correct
porte door
98%
fenêtre window
98%
lire read
96%
ici here
94%
mur wall
90%
robe dress
89%
miroir mirror
88%
vacances vacations
85%
loi law
83%
derrière behind
82%
encore again
80%
jambon ham
76%
entre between
74%
pendant during
74%
gants gloves
66%
Aucun quiz correspondant
Distribution des résultats
% des personnes avec chaque résultat
Percentile par nombre de réponses
Votre historique - résultats
Vous n’avez pas pris ce quiz